| LEADER |
00713nam0a2200217 450 |
| 001 |
16844779 |
| 010 |
|
|
|a 979-1-0347-6101-2
|b rel.
|d 12,95
|
| 100 |
|
|
|a 20220927d2026 u u0frey01 ba
|
| 101 |
0 |
|
|a fre
|
| 102 |
|
|
|a BE
|
| 200 |
0 |
|
|a Dans les entrailles de Yog
|f Betbeder, Djief
|
| 207 |
|
1 |
|a
|
| 210 |
|
|
|a Paris
|b 57, bd de La Villette
|c Dupuis
|d DL 2022
|
| 215 |
|
|
|a 1 vol. (72 p.)
|c ill. en coul.
|d 29 cm
|
| 225 |
1 |
|
|a Créatures
|v 3
|
| 461 |
|
0 |
|t Créatures
|v 3
|
| 700 |
|
0 |
|a Betbeder
|b Stéphane
|f 1971-....
|4 70
|
| 701 |
|
0 |
|a Djief
|f 1971-....
|4 70
|
| 900 |
|
|
|a Bande Dessinée enfant ado
|
| 901 |
|
|
|a Accessible au prêt
|
| 995 |
|
|
|a Bibliothèque
|c Bibliothèque
|f 024024545
|h 024024545
|k BD BET
|o p
|q j
|r az
|e Bibliothèque
|